NFL 500 YARD PASSING GAMES SINCE 2000 - Statistics

General Stats
  • This quiz has been taken 259 times
    135 since last reset
  • The average score is 18 of 19
Answer Stats
Hint Answer % Correct
2021 CIN Joe Burrow
99%
2018 NE Tom Brady
99%
2011 NE Tom Brady
99%
2020 DAL Dak Prescott
98%
2016 ATL Matt Ryan
98%
2021 PIT Ben Roethlisberger
97%
2017 PIT Ben Roethlisberger
97%
2014 PIT Ben Roethlisberger
97%
2009 PIT Ben Roethlisberger
97%
2012 DET Matthew Stafford
97%
2015 NO Drew Brees
96%
2006 NO Drew Brees
96%
2012 NYG Eli Manning
96%
2019 LAR Jared Goff
96%
2024 ATL Kirk Cousins
96%
2015 SD Philip Rivers
94%
2016 OAK Derek Carr
93%
2013 DAL Tony Romo
92%
2012 HOU Matt Schaub
71%
No matching quizzes found
Score Distribution
Percent of People with Each Score
Percentile by Number Answered
Your Score History
You have not taken this quiz since the last reset